000 01087nam1a22002531i 4500
001 rc\121924
005 20260407072107.0
035 _a(NLR Aleph) 005403541
090 _a7298937
_c7298937
100 _a20021216g19919999u |0rusy50 ca
101 0 _arus
102 _aRU
105 _ay |||||||||
200 1 _aСлавянофильство и западничество: консервативная и либеральная утопия в работах Анджея Валицкого
_eРеф. сб.
_e[В 2 вып.
_fСост. К.В. Душенко]
210 _aМ.
_cИНИОН
_d1991-
215 _d20
225 1 _aСерия "История зарубежного обществоведения"
_fАН СССР. ИНИОН
600 1 _aВалицкий
_bА.
_gАнджей
_2psbo
702 1 _aДушенко
_bК.В.
_4220
712 0 2 _aИнститут научной информации по общественным наукам
_cМосква
_3RU\NLR\AUTH\88992
_9272425
801 0 _aRU
_bNLR
_gpsbo
801 1 _aRU
_bELAR
_2rusmarc
852 _aNLR
_j91-3/2242
942 _cBOOK